| 000 | 00853nas a2200241 i 4500 | ||
|---|---|---|---|
| 005 | 20231204120238.0 | ||
| 008 | 231128s2007 my qr p o00| 0 may d | ||
| 020 | _qhardback | ||
| 040 |
_aPPAK _beng _cPPAK _erda |
||
| 082 | 0 | 4 |
_223 _a353.709595112 |
| 090 | 0 | 0 |
_a353.709595112 _bWAR _dKWS |
| 245 | 0 | 0 | _aWARKAH MAHAWANGSA |
| 264 | 1 |
_aAlor Setar, Kedah : _bMajlis Kebudayaan Negeri Kedah, _c[2007?] |
|
| 300 |
_a1 volume (various pagings) : _billustration, colour photographs ; _c30 cm |
||
| 336 |
_atext _2rdacontent |
||
| 337 |
_aunmediated _2rdamedia |
||
| 338 |
_avolume _2rdacarrier |
||
| 500 | _aDescription based on : No. 8 (June 2007) | ||
| 500 | _aKertas Kerja | ||
| 610 | 2 | 0 |
_aMajlis Kebudayaan Negeri Kedah _vPeriodicals |
| 710 | 2 |
_aMajlis Kebudayaan Negeri Kedah Darul Aman, _eissuing body. |
|
| 942 |
_2ddc _cB |
||
| 999 |
_c193787 _d193787 |
||